000 00300nam a2200121Ia 4500
008 190802s9999 xx 000 0 und d
020 _a978-93-80027-68-5
100 _aJ.B.Gupta
245 0 _aAnalog Electronic Circuits
260 _aNew Delhi
_bKatson books
_c2013
300 _a387:P
942 _cBK
999 _c2606
_d2606